000
00294nam a2200109Ia 4500
008
190216s9999||||xx |||||||||||||| ||und||
100
_a
Adna Ekramer-Rabindranath Tagore
245
4
_a
The King Of Dark Chamber
260
_b
Mac Millian And Com. Ltd
_c
1961
650
_a
English Drama
942
_c
BK
999
_c
11566
_d
11566